000 00777cam a2200265 a 4500
001 000008044
003 DO-SdBNP
005 20220408100845.0
008 941013s1993 sp a 000 1 spa
010 _a94218415
020 _a8476832257
040 _aDO-SdBNP
_cDLC
_dDLC
082 _a863.64
_bP426m
100 1 _aPeraile, Meliano,
_d1922-
_921952
245 1 0 _aMateria viva /
_cMeliano Peraile.
260 _aMadrid :
_bEdiciones Libertarias,
_c1993.
300 _a220 p. :
_bill. ;
_c22 cm.
490 1 _aLos libros del avefenix
490 1 _aNarrativa ;
_v23
650 4 _aNovela española
_91123
650 4 _aLiteratura española
_9632
830 0 _aNarrativa (Ediciones Libertarias) ;
_v23.
_921953
910 _aCatalogación por copia / LC
942 _2ddc
_cLBS1
999 _c7821
_d7821